Missing Word: Movie Places Quiz Stats

Quiz Updated Oct 8, 2017

Challenge
Share
Tweet
Score 0/22 Timer 03:00
0 Plays Today
Movie Title Missing Word % Correct
A Nightmare on _____ StreetElm
98.3%
_____ Upon a Time in MexicoOnce
97.9%
_____ at the MuseumNight
97.2%
Sleepless in _____Seattle
96.5%
Little Shop of _____Horrors
95.1%
_____ on 34th StreetMiracle
91.4%
Babe: _____ in the CityPig
90.2%
Bright _____, Big CityLights
89.4%
_____ and Loathing in Las VegasFear
88.9%
The _____ House RulesCider
87.9%
The _____ Budapest HotelGrand
87.4%
Movie Title Missing Word % Correct
Seven _____ in TibetYears
86.6%
_____ HouseAnimal
85.5%
It _____ on 5th AvenueHappened
78.4%
_____ BoulevardSunset
76.3%
Midnight in _____Paris
75.9%
_____ to Do in Denver When You're DeadThings
68.9%
The Fall of the House of _____Usher
60.7%
_____ ParkJurassic
55.8%
_____ ShopBeauty
55.8%
The ______ HouseRussia
24.1%
_____ on 42nd StreetVanya
7.3%

Today's Daily Dose

You're not logged in!

Compare scores with friends on all Sporcle quizzes.
Join for Free
OR
Log In

You Might Also Like...

Show Comments

Extras

Top Quizzes Today


Score Distribution

Your Account Isn't Verified!

In order to create a playlist on Sporcle, you need to verify the email address you used during registration. Go to your Sporcle Settings to finish the process.

Report this User

Report this user for behavior that violates our Community Guidelines.

Details: